Fundamentals of Nursing/ (Record no. 11067)
[ view plain ]
| 000 -LEADER | |
|---|---|
| fixed length control field | 01159cam a22003495a 4500 |
| 001 - CONTROL NUMBER | |
| control field | 1897462 |
| 005 - DATE AND TIME OF LATEST TRANSACTION | |
| control field | 20150825140402.0 |
| 008 - FIXED-LENGTH DATA ELEMENTS--GENERAL INFORMATION | |
| fixed length control field | 841102t1985 moua frb 001 0 eng |
| 010 ## - LIBRARY OF CONGRESS CONTROL NUMBER | |
| LC control number | 84025479 |
| 020 ## - INTERNATIONAL STANDARD BOOK NUMBER | |
| International Standard Book Number | 9780323048286 |
| 040 ## - CATALOGING SOURCE | |
| Original cataloging agency | EG-ScBUE |
| Language of cataloging | eng |
| Transcribing agency | EG-ScBUE |
| 082 04 - DEWEY DECIMAL CLASSIFICATION NUMBER | |
| Classification number | 610.73 |
| Item number | POT |
| Edition number | 22 |
| 100 1# - MAIN ENTRY--PERSONAL NAME | |
| Personal name | Potter, Patricia Ann. |
| 9 (RLIN) | 4856 |
| 245 10 - TITLE STATEMENT | |
| Title | Fundamentals of Nursing/ |
| Statement of responsibility, etc | Patricia A. Potter, Anne Griffin Perry. |
| 250 ## - EDITION STATEMENT | |
| Edition statement | 7th ed. |
| 260 ## - PUBLICATION, DISTRIBUTION, ETC. (IMPRINT) | |
| Place of publication, distribution, etc | St. Louis, Mo. ; |
| -- | London : |
| Name of publisher, distributor, etc | Mosby Elsevier, 2009 |
| Date of publication, distribution, etc | c.2009. |
| 300 ## - PHYSICAL DESCRIPTION | |
| Extent | xli, 1476 p. : |
| Other physical details | col. ill. ; |
| Dimensions | 29 cm. |
| 500 ## - GENERAL NOTE | |
| General note | Index: p.1443-1476. |
| 500 ## - GENERAL NOTE | |
| General note | Previous ed.: 2005. |
| 504 ## - BIBLIOGRAPHY, ETC. NOTE | |
| Bibliography, etc | Bibliography : p. 1409-1438. |
| 590 ## - LOCAL NOTE (RLIN) | |
| Local note | Mohamed Hussein |
| 650 #0 - SUBJECT ADDED ENTRY--TOPICAL TERM | |
| Topical term or geographic name as entry element | Nursing. |
| 9 (RLIN) | 4857 |
| Source of heading or term | BUEsh |
| 650 #0 - SUBJECT ADDED ENTRY--TOPICAL TERM | |
| Topical term or geographic name as entry element | Nursing |
| General subdivision | Examinations, questions, etc. |
| 9 (RLIN) | 4858 |
| Source of heading or term | BUEsh |
| 650 #0 - SUBJECT ADDED ENTRY--TOPICAL TERM | |
| Topical term or geographic name as entry element | Nursing |
| General subdivision | Study and teaching |
| -- | Audio-visual aids. |
| 9 (RLIN) | 4859 |
| Source of heading or term | BUEsh |
| 650 #2 - SUBJECT ADDED ENTRY--TOPICAL TERM | |
| Topical term or geographic name as entry element | Nurse-Patient Relations. |
| 9 (RLIN) | 4860 |
| Source of heading or term | BUEsh |
| 650 #2 - SUBJECT ADDED ENTRY--TOPICAL TERM | |
| Topical term or geographic name as entry element | Nursing Care. |
| 9 (RLIN) | 4861 |
| Source of heading or term | BUEsh |
| 650 #2 - SUBJECT ADDED ENTRY--TOPICAL TERM | |
| Topical term or geographic name as entry element | Nursing Process. |
| 9 (RLIN) | 4862 |
| Source of heading or term | BUEsh |
| 651 ## - SUBJECT ADDED ENTRY--GEOGRAPHIC NAME | |
| Source of heading or term | BUEsh |
| 653 ## - INDEX TERM--UNCONTROLLED | |
| Resource For college | Nursing |
| Arrived date list | August2015 |
| 700 1# - ADDED ENTRY--PERSONAL NAME | |
| Personal name | Perry, Anne Griffin. |
| 9 (RLIN) | 4863 |
| 942 ## - ADDED ENTRY ELEMENTS (KOHA) | |
| Source of classification or shelving scheme | Dewey Decimal Classification |
| Item type | |
| Withdrawn status | Item status | Source of classification or shelving scheme | Damaged status | Not for loan | Vendor | Home library | Current library | Shelving location | Date acquired | Source of acquisition | Cost, normal purchase price | Serial Enumeration / chronology | Total Checkouts | Total Renewals | Full call number | Barcode | Date last seen | Date last borrowed | Koha item type | Materials specified (bound volume or other part) | Cost, replacement price |
|---|---|---|---|---|---|---|---|---|---|---|---|---|---|---|---|---|---|---|---|---|---|
| Dewey Decimal Classification | Alahram | Central Library | Central Library | First floor | 19/05/2009 | 360.00 | 379 | 47 | 41 | 610.73 POT | 000015452 | 15/07/2025 | 11/11/2013 | NB - Book (Non borrowing) | |||||||
| Lost | Dewey Decimal Classification | Alahram | Central Library | Central Library | First floor | 19/05/2009 | 1 | 610.73 POT | 000015498 | 25/07/2010 | 05/05/2010 | CD | DVD - With book | Lost In Inventory_2015-8-23 | ||||||||
| Dewey Decimal Classification | Iqraa | Central Library | Central Library | First floor | 19/05/2009 | 330.00 | 1402 | 39 | 78 | 610.73 POT | 000014915 | 15/07/2025 | 06/02/2016 | Book - Borrowing | |||||||
| Dewey Decimal Classification | Academic Bookshop | Central Library | Central Library | First floor | 01/03/2010 | 630.00 | 3698 | 30 | 97 | 610.73 POT | 000020032 | 15/07/2025 | 23/11/2015 | Book - Borrowing | |||||||
| Dewey Decimal Classification | Academic Bookshop | Central Library | Central Library | First floor | 01/03/2010 | 3 | 610.73 POT | 000020034 | 24/08/2022 | 02/11/2011 | CD | DVD - With book | ||||||||||
| Dewey Decimal Classification | Baccah | Central Library | Central Library | First floor | 29/05/2013 | 1152.00 | 17806 | 5 | 76 | 610.73 POT | 000028766 | 15/07/2025 | 18/11/2015 | Book - Borrowing | 1440.00 | ||||||
| Lost | Dewey Decimal Classification | Baccah | Central Library | Central Library | First floor | 30/05/2013 | 4 | 40 | 610.73 POT | 000028767 | 25/08/2015 | 25/08/2015 | CD | DVD - With book | Lost In Inventory_2018-8-12 |